Report, (Department of ), Adinistration of Dalmia-Jain Companies Inquiry Commission. (Record no. 1057296)

MARC details
000 -LEADER
fixed length control field 00763nam a2200241Ia 4500
003 - CONTROL NUMBER IDENTIFIER
control field OSt
005 - DATE AND TIME OF LATEST TRANSACTION
control field 20221005130442.0
008 - FIXED-LENGTH DATA ELEMENTS--GENERAL INFORMATION
fixed length control field 221004b |||||||| |||| 00| 0 eng d
037 ## - SOURCE OF ACQUISITION
Terms of availability Textual
040 ## - CATALOGING SOURCE
Original cataloging agency CRL
Transcribing agency CRL
Language of cataloging eng
041 ## - LANGUAGE CODE
Source of code eng
Language code of text/sound track or separate title eng
110 ## - MAIN ENTRY--CORPORATE NAME
Corporate name or jurisdiction name as entry element India Commerce And Industry (Ministry of ), Company Law Administration
9 (RLIN) 638161
245 #0 - TITLE STATEMENT
Title Report, (Department of ), Adinistration of Dalmia-Jain Companies Inquiry Commission.
260 ## - PUBLICATION, DISTRIBUTION, ETC.
Date of publication, distribution, etc. 1963
650 ## - SUBJECT ADDED ENTRY--TOPICAL TERM
Topical term or geographic name entry element ECONOMICS
700 ## - ADDED ENTRY--PERSONAL NAME
Personal name India Commerce And Industry (Ministry of ), Company Law Administration
9 (RLIN) 638162
942 ## - ADDED ENTRY ELEMENTS (KOHA)
Classification part XM55t2:N56, K3
Koha item type Textual
Source of classification or shelving scheme
Holdings
Withdrawn status Lost status Damaged status Not for loan Home library Current library Date acquired Total Checkouts Full call number Barcode Date last seen Price effective from Koha item type
        Central Library Central Library 2022-10-05   XM55t2:N56 K3 CL0266886 2022-10-05 2022-10-05 Textual
Copyright @ Delhi University Library System